MARC

LEADER 00000cam a2200000 4500
001 vtls012067467
003 SK-MaSNL
005 20260426012624.0
008 210906s2021 xo hoc e 000 0dger
015 |a SNBZSE2023 
020 |a 9788089362462  |q (brožované) 
040 |a SNK  |b slo  |c SNK  |e rda 
041 0 |a ger 
043 |a e-xo---  |a e-hu--- 
044 |a xo  |c SK 
072 7 |a 72  |x Architektúra  |2 konspekt 
072 7 |a 94(430/439)  |x Dejiny krajín strednej Európy  |2 konspekt 
080 |a (437.611)  |2 2011 
080 |a (082.24)  |2 2011 
080 |a 26-722.5  |2 2011 
080 |a 726.822  |2 2011 
080 |a 718(=411.16)  |2 2011 
080 |a 726.82  |2 2011 
080 |a (=411.16)  |2 2011 
080 |a 94(=411.16)  |2 2011 
080 |a 930.2  |2 2011 
080 |a 94(437.611)  |2 2011 
080 |a 94(439)  |2 2011 
080 |a (437.6)  |2 2011 
080 |a (036)  |2 2011 
100 1 |a Neumann, Robert,  |d 1894-1975  |4 aut  |9 221632 
245 1 0 |a Chatam Sofer Mausoleum in Bratislava  |c Robert Neumann 
264 1 |a Bratislava  |b ISMC Slovakia, s.r.o.  |c [2021] 
300 |a 16 strán  |b faksimile, fotografie, 1 portrét  |c 23 cm 
336 |a text  |b txt  |2 rdacontent 
337 |a bez média  |b n  |2 rdamedia 
338 |a zväzok  |b nc  |2 rdacarrier 
500 |a Názov z obálky 
600 1 7 |a Sofer, Chatam,  |d 1762-1839  |2 SNKMA  |9 114618 
610 2 7 |a Chatam Sofer Memoriál (Bratislava, Slovensko)  |2 SNKKA  |9 466900 
650 0 7 |a mauzóleá  |2 SNKPH  |9 3021 
650 0 7 |a židovské cintoríny  |2 SNKPH  |9 2948 
650 0 7 |a rabíni  |2 SNKPH  |9 79634 
650 0 7 |a Židia  |z Slovensko  |2 SNKPH  |9 16175 
650 0 7 |a dejiny Židov  |z Slovensko  |y do 16. storočia  |2 SNKPH  |9 707270 
650 0 7 |a historické pramene  |2 SNKPH  |9 1975 
650 0 7 |a náhrobné kamene  |2 SNKPH  |9 50274 
650 0 7 |a Rabbins  |2 SNKPHeng  |9 534027 
650 0 7 |a Mausoleums  |2 SNKPHeng  |9 320200 
650 0 7 |a Jewish cemeteries  |2 SNKPHeng  |9 312981 
650 0 7 |a Gravestones  |2 SNKPHeng  |9 349903 
650 0 7 |a Jews  |z Slovakia  |2 SNKPHeng  |9 333196 
650 0 7 |a History of the Jews  |z Slovakia  |y to 16th century  |2 SNKPHeng  |9 707271 
650 0 7 |a Historical sources  |2 SNKPHeng  |9 283064 
651 7 |a Bratislava (Slovensko)  |2 SNKPH  |9 14568 
651 7 |a Maďarsko  |x dejiny  |2 SNKPH  |9 18630 
651 7 |a Bratislava (Slovakia)  |2 SNKPHeng  |9 171234 
651 7 |a Hungary  |x history  |2 SNKPHeng  |9 314626 
655 7 |a informačné publikácie  |2 SNKPH  |9 70181 
655 7 |a Information publications  |2 SNKPHeng  |9 265188 
655 7 |a Extracts  |2 SNKPHeng  |9 427894 
655 7 |a úryvky  |2 SNKPH  |9 84604 
852 |a Slovenská národná knižnica 
919 |a 978-80-89362-46-2 
954 |a odborná, vedecká literatúra pôvodná (slovenská)  |2 lita 
958 |a ZS 
958 |a ZD 
999 |c 1101521  |d 1103451 
952 |a SNK  |b SNK  |y PREZ  |7 0  |p 17A1534509  |o snkOSC 30037  |i snk2023/13234  |8 4  |g 10.18  |0 0  |1 0  |4 0  |d 2022-03-30  |l 0  |r 2026-02-24 17:32:50  |w 2026-02-24